| 000 | 00745nam a22002057a 4500 | ||
|---|---|---|---|
| 999 |
_c20315 _d20315 |
||
| 003 | AR-CdUCM | ||
| 008 | 190528b ||||| |||| 00| 0 spa d | ||
| 040 |
_aMUNICIPALIDAD PROVINCIAL DEL CUSCO _cBIBLIOTECA MUNICIPAL DEL CUSCO |
||
| 082 |
_a515.43 / _bL26 |
||
| 100 |
_aLara Aparicio, Miguel _942469 |
||
| 110 |
_aInstituto de Matemática, UNAM _942470 |
||
| 245 | _aLa integral definida / | ||
| 260 |
_aMéxico : _bDiseño y composición litográfica, _c1973. |
||
| 300 |
_a71 páginas ; _bIlustraciones, _c22 cm. |
||
| 505 | _aContenido: El problema de eudoxio, el problema de Arquimedes -- El concepto de integral definida... | ||
| 650 |
_aArquimedes _942471 |
||
| 650 |
_aIntegral definida _942472 |
||
| 942 |
_2ddc _cLIBROS |
||
| 945 | _aAndy | ||